| 000 | 01226nab a2200229 4500 | ||
|---|---|---|---|
| 001 | 32302 | ||
| 003 | AR-RoBPED | ||
| 005 | 20260331171757.0 | ||
| 008 | 251125d1886198?ag |||p| ||||s00| 0 spa d | ||
| 040 | _aAR-RoBPED | ||
| 041 | _aspa | ||
| 100 | 1 |
_aMercante, Víctor, _d1870-1934 _930517 |
|
| 245 | 1 | 3 |
_aLa memoria : _bes la gran función del universo / _cVíctor Mercante. |
| 300 | _apág. 85-87 ; 196-199 ; 366-370 | ||
| 362 | _aAño XI, No. 125 (octubre de 1898) | ||
| 362 | _aAño XI, No. 126 (noviembre de 1898) | ||
| 362 | _aAño XI, No. 128 (enero de 1899) | ||
| 500 | _aArtículo en varias partes publicado en: - Boletín de Educación. Santa Fe : Consejo General de Educación, 1886-198?. Año XI, No. 125 (octubre de 1898), páginas 85-87. - Boletín de Educación. Santa Fe : Consejo General de Educación, 1886-198?. Año XI, No. 126 (noviembre de 1898), páginas 175-176. - Boletín de Educación. Santa Fe : Consejo General de Educación, 1886-198?. Año XI, No. 128 (enero de 1899), páginas 366-370. | ||
| 773 | 0 |
_022998 _930383 _aSanta Fe. _dSanta Fe : Consejo General de Educación, [1886-198-?]. _tBoletín de Educación : _w(AR-RoBPED)22998 |
|
| 942 |
_2udc _aK. 32302 _cREV |
||
| 945 | _ann 25/11/2025 | ||
| 999 |
_c32302 _d32302 |
||